[Event "European-ch Seniors 2018"]
[Site "Drammen"]
[Date "2018.08.11"]
[Round "8"]
[White "Svensson, Leif 1940"]
[Black "Moen, Ole Christian"]
[Result "0-1"]
[WhiteElo "2052"]
[BlackElo "2228"]
[Annotator "NA"]
[PlyCount "80"]
[EventDate "2018.08.04"]
[EventType "swiss"]
[EventCountry "NOR"]
[SourceTitle "playchess.com"]
[Source "ChessBase"]
[SourceQuality "1"]
[TimeControl "40/5400+30:1800+30"]

1. d4 {[%emt 0:00:00]} Nf6 {[%emt 0:00:00]} 2. Nc3 {[%emt 0:00:00]} d5 {[%emt 0:00:00]} 3. Bg5 {[%emt 0:00:00]} c6 {[%emt 0:00:02]} 4. e3 {[%emt 0:00:11]} Nbd7 {[%emt 0:00:51]} 5. f4 {[%emt 0:00:53]} Qa5 {[%emt 0:01:08]} 6. Bd3 {[%emt 0:04:50]} Ne4 {[%emt 0:06:18]} 7. Nf3 {[%emt 0:02:03]} Nxc3 {[%emt 0:01:20]} 8. Qd2 {[%emt 0:00:25]} f6 {[%emt 0:00:05]} 9. Bh4 {[%emt 0:00:49]} e5 {[%emt 0:00:05]} 10. fxe5 {[%emt 0:00:49]} Bb4 {[%emt 0:00:31]} 11. O-O {[%emt 0:00:34]} Ne4 {[%emt 0:00:28]} 12. Qe2 {[%emt 0:00:28]} Be7 {[%emt 0:04:31]} 13. exf6 {[%emt 0:05:05]} Ndxf6 {[%emt 0:00:37]} 14. Ne5 {[%emt 0:00:20]} Be6 {[%emt 0:01:17]} 15. a3 {[%emt 0:01:18]} O-O-O {[%emt 0:03:13]} 16. c4 {[%emt 0:00:56]} g5 {[%emt 0:02:07]} 17. Be1 {[%emt 0:01:11]} Qc7 {[%emt 0:00:14]} 18. c5 {[%emt 0:00:41]} Rdf8 {[%emt 0:02:49]} 19. b4 {[%emt 0:00:49]} Nd7 {[%emt 0:00:13]} 20. Nf3 {[%emt 0:00:56]} g4 {[%emt 0:01:39]} 21. Bxe4 {[%emt 0:01:33]} dxe4 {[%emt 0:00:39]} 22. Nd2 {[%emt 0:00:08]} Rxf1+ {[%emt 0:00:17]} 23. Qxf1 {[%emt 0:00:28]} Rf8 {[%emt 0:00:12]} 24. Qe2 {[%emt 0:00:17]} Nf6 {[%emt 0:00:25]} 25. Bg3 {[%emt 0:00:24]} Qd7 {[%emt 0:00:09]} 26. a4 {[%emt 0:00:32]} Bd8 {[%emt 0:00:41]} 27. b5 {[%emt 0:03:40]} Bc7 {[%emt 0:00:45]} 28. Bh4 {[%emt 0:00:44]} Bd5 {[%emt 0:06:26]} 29. Rb1 {[%emt 0:04:09]} g3 {[%emt 0:01:20]} 30. h3 {[%emt 0:04:09]} Ne8 {[%emt 0:01:27]} 31. b6 {[%emt 0:04:05]} axb6 {[%emt 0:00:47]} 32. cxb6 {[%emt 0:00:07]} Rf2 {[%emt 0:00:41]} 33. Qe1 {[%emt 0:00:49]} Bd6 {[%emt 0:00:54]} 34. a5 {[%emt 0:01:15]} Ng7 {[%emt 0:01:55]} 35. a6 {[%emt 0:11:13]} bxa6 {[%emt 0:00:26]} 36. b7+ {[%emt 0:00:06]} Kb8 {[%emt 0:00:05]} 37. Nf1 {[%emt 0:01:10]} Nf5 {[%emt 0:03:42]} 38. Bxg3 {[%emt 0:10:08]} Ra2 {[%emt 0:04:51]} 39. Bxd6+ {[%emt 0:02:25]} Qxd6 {[%emt 0:00:09]} 40. g4 {[%emt 0:00:00]} Bc4 {[%emt 0:00:00]} 0-1

[Event "European-ch Seniors 2018"]
[Site "Drammen"]
[Date "2018.08.12"]
[Round "9"]
[White "Vorotnikov, Vladislav V"]
[Black "Karason, Askell O"]
[Result "1/2-1/2"]
[WhiteElo "2445"]
[BlackElo "2217"]
[Annotator "NA RC"]
[PlyCount "25"]
[EventDate "2018.08.04"]
[EventType "swiss"]
[EventCountry "NOR"]
[SourceTitle "playchess.com"]
[Source "ChessBase"]
[SourceQuality "1"]
[TimeControl "40/5400+30:1800+30"]

1. d4 {[%emt 0:00:00]} Nf6 {[%emt 0:00:00]} 2. Nc3 {[%emt 0:00:11]} d5 {[%emt 0:00:00]} 3. Bf4 {[%emt 0:00:21]} a6 {[%emt 0:00:09]} 4. e3 {[%emt 0:01:08]} e6 {[%emt 0:00:45]} 5. Nf3 {[%emt 0:02:04] LiveBook: 53 Partien} c5 $11 {[%emt 0:00:34]} 6. a3 {[%emt 0:01:52]} Nc6 {[%emt 0:01:02]} 7. h3 {[%emt 0:04:42]} Bd6 {[%emt 0:00:51]} 8. dxc5 {[%emt 0:03:05]} Bxc5 {[%emt 0:00:31]} 9. Bd3 {[%emt 0:00:26]} Bd6 {[%emt 0:02:07]} 10. Bxd6 {[%emt 0:06:17]} Qxd6 {[%emt 0:01:15]} 11. e4 {[%emt 0:07:29]} d4 {[%emt 0:05:06]} 12. Ne2 {[%emt 0:06:25]} e5 {[%emt 0:00:41]} 13. c3 {[%emt 0:04:04]} 1/2-1/2

[Event "European-ch Seniors 2018"]
[Site "Drammen"]
[Date "2018.08.12"]
[Round "9"]
[White "Renman, Nils-Gustaf"]
[Black "Bogdanov, Valentin"]
[Result "1-0"]
[WhiteElo "2348"]
[BlackElo "2356"]
[Annotator "TA"]
[PlyCount "79"]
[EventDate "2018.08.04"]
[EventType "swiss"]
[EventCountry "NOR"]
[SourceTitle "playchess.com"]
[Source "ChessBase"]
[SourceQuality "1"]

{[%evp 16,79,104,110,105,101,116,63,56,22,29,0,0,0,0,0,0,0,0,0,0,-1,18,-12,0,0,38,33,67,58,214,206,177,20,16,13,37,43,32,0,0,-163,-171,-172,-177,-138,134,137,129,122,179,-160,-151,-177,0,0,0,-443,0,0,0,0,29979,29979,6391,5783]} 1. d4 Nf6 2. c4 e6 3. Nf3 Bb4+ 4. Bd2 a5 5. g3 d5 6. Bg2 dxc4 7. Qc2 {E04: Open Catalan: 5 Nf3} (7. a3 Bd6 8. Qa4+ Nc6 9. O-O O-O 10. Qxc4 e5 11. dxe5 Nxe5 12. Nxe5 Bxe5 13. Qc2 c6 14. Bc3 Qe7 {½-½ (77) Fedoseev,V (2707)-Shankland,S (2727) Danzhou 2018}) 7... b5 8. a4 Bxd2+ 9. Nfxd2 {LiveBook: 3 Games. White is better.} Ra7 10. axb5 Qxd4 11. Ra4 $146 ({White should play} 11. e3 $16 Qc5 12. Qxc4) ({Predecessor:} 11. Qxc4 Qb6 12. Nc3 O-O 13. Qa4 Nd5 14. O-O Bd7 15. Bxd5 exd5 {1-0 (52) Shimanov,A (2626)-Aaron,D (2338) Philadelphia 2018}) 11... Bb7 $14 12. Rxc4 Qb6 $1 13. e4 Qxb5 14. Rxc7 O-O 15. Na3 Qb6 {Hoping for ...Bxe4.} 16. Rc3 Nc6 17. Ndc4 Qb4 18. O-O e5 19. Re1 Ba6 20. Qc1 Rb7 21. Nc2 {[%cal Ba3c2,Bc2e3,Be3f5][%mdl 32]} Qe7 22. N2e3 {aiming for Nf5.} Nb4 $2 (22... Bxc4 $14 23. Nf5 Qe6 24. Rxc4 Ne7) 23. Nf5 $1 $18 ({Much less strong is} 23. Nxa5 $6 Na2 $16) 23... Qe6 24. Ncd6 $2 (24. Qg5 $18 {[%csl Gf5][%cal Rg5g7]} Ne8 25. Nxa5) 24... Rd7 $1 $11 {[%cal Rd7d6]} 25. Qg5 $40 {[%csl Gf5][%cal Rg5g7][%mdl 128] White attacks.} g6 {...Kh8 is the strong threat.} 26. Bh3 {Black must now prevent Nh6+.} Kh8 $1 27. Qh6 {[%csl Gf5][%cal Rh6g7]} (27. Nc4 $5 Ng8 28. Qh4 $14) 27... Rg8 {Threatens to win with ...Nd3.} 28. Rd1 $2 (28. Nc4 $1 $11 {and White stays safe.} Nh5 29. Bf1) 28... gxf5 $19 29. Bxf5 Rxd6 30. Bxe6 Rxe6 $2 {[%mdl 8192]} (30... Rxd1+ $17 31. Kg2 Nxe4) 31. Qe3 $16 Nc6 32. Rc5 Nd4 (32... Rge8 $16) 33. Rc7 $2 ({Weaker is} 33. Rxa5 Ng4 $17) (33. Rxd4 $18 exd4 34. Qxd4) 33... Ng4 $17 34. Qa3 Rf6 $2 (34... Ne2+ $1 $19 35. Kg2 Rh6) 35. Rxd4 $1 $11 exd4 36. f4 $2 {[%mdl 8192] [#]} (36. Qxa5 $11 {and White is okay.} Nxf2 37. Qe5 Nh3+ 38. Kg2 Bf1+ 39. Kh1 Nf2+ 40. Kg1 Nh3+ 41. Kh1 Nf2+ 42. Kg1 Nh3+ 43. Kh1) 36... Rh6 $2 (36... Rxf4 $1 $19 {[%mdl 512] And now ...Rf1+ would win.} 37. Qd6 (37. gxf4 $2 {too greedy.} Ne3+ 38. Kh1 Be2 $19) 37... Rf1+ 38. Kg2 Ne3+ 39. Kh3 Rf2) 37. Rxf7 {Strongly threatening Qc5.} Rc6 38. b3 $1 d3 $2 {[%mdl 8192]} (38... Ne3 $11 39. Qb2 Rd8) 39. Qa1+ Nf6 40. Rxf6 {Precision: White = 43%, Black = 42%.} 1-0

[Event "European-ch Seniors 2018"]
[Site "Drammen"]
[Date "2018.08.12"]
[Round "9"]
[White "Gaprindashvili, Nona"]
[Black "Vinke, Dietmar"]
[Result "1/2-1/2"]
[WhiteElo "2305"]
[BlackElo "2166"]
[Annotator "TA"]
[PlyCount "32"]
[EventDate "2018.08.04"]
[EventType "swiss"]
[EventCountry "NOR"]
[SourceTitle "playchess.com"]
[Source "ChessBase"]
[SourceQuality "1"]

{[%evp 18,32,41,5,32,-12,44,-14,14,-25,43,-31,-38,-47,-54,-43,0]} 1. d4 Nf6 2. c4 g6 3. Nc3 Bg7 4. e4 d6 5. Be2 O-O 6. Bg5 Na6 7. Qd2 e5 8. d5 Qe8 9. f3 Nh5 10. g3 {LiveBook: 3 Games. E73: King's Indian: Averbakh Variation without 6...c5} f5 11. O-O-O Bd7 (11... fxe4 $11 12. fxe4 Bd7) 12. Be3 (12. exf5 $14 gxf5 13. Nh3) 12... b6 $146 ({Predecessor:} 12... Nc5 13. exf5 gxf5 14. Bf1 a6 15. Nge2 Nf6 16. h3 e4 17. f4 {0-1 (38) Hernando Rodrigo,J (2343)-Barrero Garcia,C (2304) Barcelona 2000}) 13. Re1 Nc5 ({Better is} 13... fxe4 $11 14. fxe4 Nf6) 14. b4 (14. exf5 $1 $14 gxf5 15. Nh3) 14... Nb7 $15 {Black is slightly better.} 15. Bd1 a5 16. b5 $1 Nc5 {Precision: White =  7%, Black = 19%.} (16... a4 $5) 1/2-1/2

[Event "European-ch Seniors 2018"]
[Site "Drammen"]
[Date "2018.08.12"]
[Round "9"]
[White "Clark, Gary M"]
[Black "Eriksen, Terje"]
[Result "1/2-1/2"]
[WhiteElo "2285"]
[BlackElo "2142"]
[Annotator "TA"]
[PlyCount "28"]
[EventDate "2018.08.04"]
[EventType "swiss"]
[EventCountry "NOR"]
[SourceTitle "playchess.com"]
[Source "ChessBase"]
[SourceQuality "1"]

{[%evp 23,28,0,0,-18,-8,-25,-22]} 1. d4 Nf6 2. c4 e6 3. Nf3 Bb4+ 4. Bd2 a5 5. g3 d5 6. Bg2 dxc4 7. O-O c6 8. a4 O-O {E04: Open Catalan: 5 Nf3} 9. Qc2 Bxd2 10. Nbxd2 $146 ({Predecessor:} 10. Qxd2 b5 11. Na3 Qb6 12. Ne5 Bb7 13. g4 Rd8 14. g5 Nbd7 15. gxf6 Nxe5 {½-½ (51) Wen,Y (2607)-Bilguun,S (2440) Chengdu 2017}) 10... b5 11. b3 cxb3 12. Nxb3 b4 {LiveBook: 12 Games} 13. Ne5 Nd5 14. Nc5 Qc7 1/2-1/2

[Event "European-ch Seniors 2018"]
[Site "Drammen"]
[Date "2018.08.12"]
[Round "9"]
[White "Stebbings, Anthony J"]
[Black "Neumann, Joachim"]
[Result "1-0"]
[WhiteElo "2265"]
[BlackElo "2124"]
[Annotator "TA"]
[PlyCount "53"]
[EventDate "2018.08.04"]
[EventType "swiss"]
[EventCountry "NOR"]
[SourceTitle "playchess.com"]
[Source "ChessBase"]
[SourceQuality "1"]

{[%evp 18,53,0,0,8,0,12,14,14,-3,9,12,26,8,8,9,3,3,7,9,80,78,76,76,81,80,82,73,85,48,130,123,217,197,1268,1242,1183,570]} 1. d4 Nf6 2. c4 e6 3. Nc3 Bb4 4. e3 O-O 5. Bd3 d5 6. cxd5 exd5 7. Nge2 c6 8. Bd2 {E48: Nimzo-Indian: Rubinstein: 5 Bd3 d5 including 6 Ne2, but excluding 6 a3} Re8 9. O-O Nbd7 {[%cal Bb8d7,Bd7f8,Bf8e6][%mdl 32]} (9... Bd6 10. Ng3 Nbd7 11. Rc1 Nf8 12. f3 Ne6 13. Be1 a6 14. Bf2 c5 15. Re1 cxd4 16. exd4 {½-½ (67) Eljanov,P (2759)-Hou,Y (2651) Sharjah 2017}) 10. f3 {LiveBook: 3 Games. The position is equal.} Nf8 11. Qe1 $146 ({Predecessor:} 11. Kh1 Ne6 12. Rc1 Bd6 13. Be1 b6 14. Bh4 Bb7 15. Qc2 h6 {1-0 (30) Sokolov,I (2567)-Beerdsen,T (2445) Amsterdam 2018}) 11... Ne6 12. Qf2 Bf8 13. e4 c5 14. exd5 Nxd5 15. Nxd5 Qxd5 16. Be4 $36 {[%mdl 2048] White has some pressure.} Qd8 {[%cal Rc5d4]} 17. Be3 {[%cal Rd4c5]} cxd4 18. Nxd4 Bc5 (18... Ng5 $11 {remains equal.}) 19. Nxe6 $16 Bxe3 20. Nxd8 Bxf2+ 21. Kxf2 {[#] And now Rad1 would win.} Rxd8 22. Rfd1 {[%cal Rd1d8]} Re8 23. Rac1 f5 (23... Be6 $14) 24. Bd5+ Kf8 (24... Be6 $16) 25. Rc7 $18 Rd8 $2 {[#]} (25... a5 26. Re1 Rxe1 27. Kxe1 h6 28. Rf7+ Ke8 29. Rxg7 Ra6 30. Bxb7 Re6+ 31. Kd2 Bd7) 26. Rf7+ Ke8 27. Re1+ {Precision: White = 80%, Black = 27%.} 1-0

[Event "European-ch Seniors 2018"]
[Site "Drammen"]
[Date "2018.08.12"]
[Round "9"]
[White "Barle, Janez"]
[Black "Ackermann, Hans Werner"]
[Result "0-1"]
[WhiteElo "2249"]
[BlackElo "2246"]
[Annotator "TA"]
[PlyCount "64"]
[EventDate "2018.08.04"]
[EventType "swiss"]
[EventCountry "NOR"]
[SourceTitle "playchess.com"]
[Source "ChessBase"]
[SourceQuality "1"]

{[%evp 17,64,34,31,0,0,0,5,-4,34,23,36,43,62,34,54,10,25,0,8,0,0,0,0,0,0,-21,-12,-47,-22,-47,-35,-53,-46,-148,-176,-153,-108,-245,-250,-545,-539,-608,-600,-1012,-1001,-1828,-1829,-29991,-29992]} 1. e4 {Roiz,M} d6 2. d4 g6 3. Nc3 a6 4. a4 Bg7 5. Nf3 Nf6 6. Be2 O-O 7. O-O Nc6 8. h3 e5 9. d5 {B08: Pirc Defence: Classical System} (9. dxe5 dxe5 10. Bc4 h6 11. Be3 Qe7 12. Qe2 Be6 13. Rfd1 Rad8 14. Bb3 Rfe8 15. Rxd8 Rxd8 16. Bxe6 Qxe6 {0-1 (68) Wang,H (2709)-Yu,Y (2751) Huaian 2017}) 9... Ne7 {LiveBook: 6 Games} 10. Bg5 Nd7 $146 ({Predecessor:} 10... Ne8 11. Qd2 f6 12. Bh6 g5 13. Bxg7 Nxg7 14. Nh2 h5 15. Qd1 Qe8 16. Re1 Qg6 {0-1 (72) Rogovski,V (2443)-Volokitin,A (2551) Ordzhonikidze 2001 CBM 086 [Roiz,M]}) 11. Qd2 {The position is equal.} f6 12. Bh6 Rf7 13. Bxg7 Kxg7 14. Ne1 g5 15. Bg4 (15. Bh5 $5 {[%cal Rh5f7]}) 15... Nf8 16. Nd1 h6 17. Ne3 (17. Nd3 {looks sharper.} Nfg6 18. Bxc8 Rxc8 19. Ne3 f5 20. f3) 17... f5 18. exf5 Nxf5 19. Nxf5+ Bxf5 20. Bxf5 Rxf5 21. Qd3 Rf7 22. g3 Ng6 23. Qe4 Qd7 $36 {[%mdl 2048] Black is more active.} 24. Kg2 Raf8 25. f3 (25. Ra3 $15) 25... h5 $17 {[%cal Bh6h5,Bh5h4,Bh4g3][%mdl 32]} 26. Qe3 Qf5 27. c4 {[#]} (27. Nd3 $17) 27... e4 $1 $19 {[%mdl 512]} 28. Qc3+ $2 (28. Ra3 {is a better defense.}) (28. Qxe4 Qxe4) 28... Kh7 29. Ra3 h4 30. Rh1 hxg3 31. Qc2 exf3+ 32. Rxf3 Qxc2+ {Precision: White = 15%, Black = 63%.} 0-1

[Event "European-ch Seniors 2018"]
[Site "Drammen"]
[Date "2018.08.12"]
[Round "9"]
[White "Moen, Ole Christian"]
[Black "Malmdin, Nils-Ake"]
[Result "1-0"]
[WhiteElo "2228"]
[BlackElo "2135"]
[Annotator "TA"]
[PlyCount "99"]
[EventDate "2018.08.04"]
[EventType "swiss"]
[EventCountry "NOR"]
[SourceTitle "playchess.com"]
[Source "ChessBase"]
[SourceQuality "1"]

{[%evp 13,99,14,20,-16,-1,-17,0,-7,-18,-10,-18,0,-7,-14,44,-41,-28,-50,-58,-75,6,-4,83,69,47,54,77,50,100,47,72,20,56,51,84,12,105,97,51,10,92,85,152,163,206,213,199,197,247,250,247,259,245,239,272,250,387,371,410,432,543,543,578,538,574,569,559,547,671,659,806,818,787,778,810,795,889,839,880,875,858,790,800,792,770,766,691,687]} 1. e4 {[%cal Be2e4,Be4d5][%mdl 32]} d5 2. exd5 Nf6 3. Bb5+ Nbd7 4. c4 {[%cal Bc2c4,Bc4b5][%mdl 32]} a6 5. Ba4 b5 6. cxb5 Nxd5 7. Nc3 {B01: Scandinavian Defence} N5b6 {LiveBook: 4 Games} 8. Bb3 e6 9. d4 {The position is equal.} Bb7 $146 ({Predecessor:} 9... axb5 10. Bf4 Ba6 11. Nge2 Nf6 12. a3 Bd6 13. Qd2 O-O 14. O-O c5 15. dxc5 Bxc5 {1-0 (36) Beerdsen,T (2396)-Brouwer,T (2011) Utrecht 2016}) 10. Nf3 axb5 11. Nxb5 Ba6 12. Nc3 Bb4 13. a3 Bd6 ({Black should try} 13... Ba5 $11) 14. Bg5 ({White should play} 14. Bc2 $14) 14... Qb8 $1 $15 15. Rc1 O-O 16. Ne4 e5 (16... Nd5 $17) 17. Nc5 $132 {[%mdl 2048] White has counterplay} exd4 (17... Bb5 $11 {remains equal.}) 18. Nxa6 $16 Qe8+ 19. Kf1 Rxa6 20. Qxd4 Ra5 21. Bd2 (21. h4 $16) 21... Rb5 $14 22. Bc3 (22. Ba2 $16) 22... Nf6 23. Ba2 Qe4 24. Bb1 (24. Re1 $16 Qxd4 25. Nxd4) 24... Qxd4 (24... Qc6 $11) 25. Nxd4 $16 Rc5 26. g3 {And now b4 would win.} Nfd5 (26... Nbd5 $11 {keeps the balance.}) 27. Bd2 $1 Rxc1+ (27... Nc4 $142 28. Rc2 Rb8) 28. Bxc1 Be5 29. Nc6 Bf6 30. Kg2 Na4 31. Be4 Ndb6 {[#]} 32. b3 $1 {[%cal Rb3a4,Bb2b3,Bb3b4][%mdl 32]} Nc5 {[#]} 33. Bc2 $1 Re8 34. Rd1 Ne6 (34... Re6 $142) 35. a4 $18 {[%cal Ba3a4,Ba4a5][%mdl 32]} g6 36. a5 Na8 {White is clearly winning.} 37. b4 Nf8 38. Bb3 Kg7 39. h4 {[%cal Bh2h4,Bh4h5][%mdl 32]} h6 40. Kf3 Ne6 41. Rd7 g5 42. h5 Bc3 43. Be3 Kf6 44. b5 Bb2 45. g4 Bc3 {[#]} 46. Bc5 $1 {[%mdl 512]} Bxa5 (46... Nxc5 47. Rxf7#) 47. Be7+ Rxe7 48. Rxe7 Nd4+ 49. Nxd4 Kxe7 50. Nc6+ {Precision: White = 63%, Black = 30%.} 1-0

[Event "European-ch Seniors 2018"]
[Site "Drammen"]
[Date "2018.08.12"]
[Round "9"]
[White "Biro, Sandor"]
[Black "Gayson, Peter M"]
[Result "1/2-1/2"]
[WhiteElo "2193"]
[BlackElo "2150"]
[Annotator "TA"]
[PlyCount "110"]
[EventDate "2018.08.04"]
[EventType "swiss"]
[EventCountry "NOR"]
[SourceTitle "playchess.com"]
[Source "ChessBase"]
[SourceQuality "1"]

{[%evp 24,110,38,27,38,45,71,49,64,47,56,63,123,118,127,116,129,103,126,120,126,127,196,204,203,212,215,183,187,139,324,318,298,300,310,302,297,210,206,209,206,165,170,66,183,186,193,193,421,415,596,193,1311,722,599,287,400,207,214,208,428,193,193,0,427,419,397,200,200,0,256,243,302,219,220,197,219,219,219,84,99,79,79,8,8,8,8,8,8]} 1. e4 c5 2. c3 d5 3. exd5 Qxd5 4. d4 Nc6 5. Nf3 cxd4 6. cxd4 e5 7. Nc3 Bb4 8. Be2 exd4 9. O-O Bxc3 10. bxc3 Nge7 11. Nxd4 {B22: Sizilianisch (Alapin 2.c3)} O-O 12. Nxc6 Qxc6 13. Ba3 {LiveBook: 3 Partien. Weiß steht etwas besser.} Re8 14. Bf3 {[%cal Be2f3,Bf3b7,Bb7e4][%mdl 32]} (14. Rb1 Qxc3 15. Bxe7 Qe5 16. Bb5 Qxe7 17. Bxe8 Qxe8 18. Re1 Be6 19. Rxb7 {1-0 (27) Gochelashvili,D (2431)-Nechaev,O (2331) Vladivostok 2014}) 14... Qf6 15. Re1 Be6 16. Bxb7 Rad8 17. Qf3 Rd2 $146 (17... Qxf3 $14 18. Bxf3 Rc8) ({Vorgänger:} 17... Qxf3 18. Bxf3 Rd3 {1-0 (36) Limmer,S (2135)-Schuetz,G (2195) Bayern 1998}) 18. Qxf6 $16 gxf6 19. c4 $36 {[%mdl 2048] Schwarz muss aufpassen.} Rb8 20. Be4 f5 21. Bf3 Ng6 22. Bc5 Bxc4 (22... a5 $16 23. Be3 Rdb2) 23. Bxa7 $18 Rbb2 24. a4 {[%cal Ba2a4,Ba4a5][%mdl 32]} Ra2 25. a5 Ne5 26. Bb7 Nd3 $2 (26... Rxa1 $16 {ist eine bessere Verteidigung.} 27. Rxa1 Rd7) 27. Rxa2 Rxa2 28. Re8+ Kg7 {( -> ...Ta1+)} 29. Bd4+ f6 30. Re7+ Kf8 31. Rxh7 Rxa5 32. h4 {[%cal Bh2h4,Bh4h5][%mdl 32]} Ne5 33. f3 (33. Rc7 $18 Be6 34. g3) 33... Rb5 (33... Bf7 $1 $14) 34. Rc7 {Droht Lc8 und aus.} Rb1+ {[#]} 35. Kh2 $1 {Und Lc8 würde nun gewinnen.} Bf1 $2 (35... Be6 36. Kg3 Rd1) 36. h5 Rd1 (36... Kg8 {war angesagt.} 37. Bc8 f4 38. Be6+ Kh8) 37. Be3 $2 (37. Bc5+ Kg8 38. Bc8) 37... Re1 $2 (37... Bb5 38. Bc8 Bd7) 38. Bh6+ Ke8 39. Rc2 (39. Bf4 $142 Re2 40. Rg7) 39... Re2 40. Rxe2 (40. Rc8+ $142 Kf7 41. Bd5+ Ke7 42. Rg8) 40... Bxe2 {[%mdl 4096] Endspiel KLL-KLS} 41. Kg3 {zielt auf Kf4 ab.} Bf1 $2 (41... Bc4 42. Bc8 Bf7) 42. Kf2 (42. Bc8 $142) 42... Bc4 43. Kg3 $2 (43. Ke3) 43... Bf1 $1 44. Bc8 Bd3 45. Be6 (45. Be3 $142) 45... Ke7 46. Bc8 $2 (46. Bb3 $18) 46... Kd8 $2 {[%mdl 8192] [#]} (46... Ke8 $1 $11 {und Schwarz steht sicher.} 47. Be3 Ke7) 47. Bb7 $1 Ke7 48. Bd2 Kf7 49. Bc8 Kg7 50. Kf4 Bf1 51. Kxf5 (51. Bxf5 $18 {Und weiter mit g4 wäre nett.} Nc4 52. Bc1) 51... Nf7 $16 52. Kg4 {Kg3 ist eine echte Drohung.} Bxg2 53. Bc3 (53. Kg3 $16 Bf1 54. Bf5) 53... Ne5+ $11 {Die Stellung ist ausgeglichen.} 54. Bxe5 Bxf3+ 55. Kxf3 {jetzt Lf4 und aus.} fxe5 {Precision: Weiß = 43%, Schwarz = 37%.} 1/2-1/2

[Event "European-ch Seniors 2018"]
[Site "Drammen"]
[Date "2018.08.12"]
[Round "9"]
[White "Burchardt, Brigitte"]
[Black "Mednikova, Svetlana"]
[Result "1/2-1/2"]
[WhiteElo "2189"]
[BlackElo "2110"]
[Annotator "TA"]
[PlyCount "171"]
[EventDate "2018.08.04"]
[EventType "swiss"]
[EventCountry "NOR"]
[SourceTitle "playchess.com"]
[Source "ChessBase"]
[SourceQuality "1"]

{[%evp 21,171,0,0,0,0,0,12,-8,0,-40,-33,-67,-52,-67,-17,-91,-93,-93,-93,-72,-20,-20,-16,-26,0,0,4,0,0,0,2,0,54,-95,-117,-131,-131,-133,-140,-172,-132,-115,-118,-262,-258,-338,-272,-278,-265,-303,-325,-324,-323,-331,-306,-444,-440,-554,-544,-605,-577,-524,-423,-451,-452,-423,-435,-509,-488,-439,-402,-437,-668,-681,-669,-680,-678,-679,-583,-678,-662,-613,-559,-645,-664,-618,-616,-603,-588,-527,-402,-375,0,0,0,0,0,0,0,0,0,0,0,0,0,0,0,0,0,0,0,0,0,0,0,0,0,0,0,0,0,0,0,0,0,0,0,0,0,0,0,0,0,0,0,0,0,0,0,0,0,0,0,0,0,0,0,0,0,0,0,0]} 1. e4 e6 2. d4 d5 3. Nd2 Nc6 4. c3 e5 5. exd5 Qxd5 6. Ngf3 exd4 7. Bc4 Qf5 8. O-O Be6 {C04: French Tarrasch: 3...Nc6} 9. Bxe6 fxe6 10. Nxd4 (10. Qa4 O-O-O 11. Nb3 e5 12. cxd4 exd4 13. Nbxd4 Nxd4 14. Nxd4 Qd7 15. Qxd7+ Rxd7 16. Be3 {0-1 (54) Gubajdullin,A (2359)-Matsenko,S (2531) St Petersburg 2015}) 10... Nxd4 11. cxd4 O-O-O {LiveBook: 6 Games} 12. Qa4 Kb8 13. Re1 Nf6 14. Nf3 Bd6 15. Be3 Nd5 16. Ne5 Nb6 $146 ({Predecessor:} 16... Bxe5 17. dxe5 Nxe3 18. Rxe3 {½-½ (31) Landschaft,S-Crowdy,S England 1986}) 17. Qb3 Rhf8 18. a4 (18. Nd3 $11) 18... Bxe5 $17 19. dxe5 Rd3 20. Qb5 {[#]} a6 ({Black should play} 20... Nd5 $1 $17 21. Bc5 Rd8) 21. Qc5 $11 Rd5 22. Qc3 Qd3 (22... Rxe5 $6 23. a5 $16) 23. Qb4 Nd7 {[%cal Bb6d7,Bd7e5,Be5d3][%mdl 32]} 24. Rac1 a5 25. Qe7 Qg6 26. Qa3 Qf5 (26... Qd3 $11) 27. Rcd1 (27. Qc3 $14 {keeps the upper hand.} Rc8 28. f4) 27... Nxe5 $17 ({Reject} 27... Qxe5 28. Qb3 $11) 28. Rxd5 exd5 29. Qe7 Nd3 $36 {[%mdl 2048] Black is in control.} 30. Rf1 Qf6 31. Qa3 Nf4 ({Don't take} 31... Nxb2 {[#]} 32. Bd4 $1 $15 {[%mdl 512]}) 32. Bc5 (32. Bxf4 $17 Qxf4 33. Qc5) 32... Re8 $19 33. Kh1 Qg6 {[%csl Gf4][%cal Rg6g2]} 34. Qf3 Qd3 35. Qxd3 Nxd3 {[%mdl 4096] Endgame KRB-KRN} 36. Bd4 g6 37. g3 c5 38. Bg7 (38. Rd1 {was called for.} c4 39. Kg2) 38... Re2 39. Kg1 Nxb2 40. f4 d4 41. g4 Nd3 42. f5 gxf5 43. gxf5 Ne5 44. Bxe5+ Rxe5 {KR-KR} 45. f6 Re8 46. Rf5 b6 47. Kf2 Kc7 48. f7 Rf8 49. Rf6 Kd7 50. Ke2 Ke7 51. Rxb6 Rxf7 52. Rc6 Rf5 53. Kd3 Rh5 54. h4 Kd7 55. Ra6 {Now Kc4 and White clings on.} Rxh4 56. Kc4 {[#]} d3+ $1 57. Kxd3 $11 {The position is equal.} Rxa4 58. Rh6 Rb4 59. Kc3 Kc7 60. Rxh7+ Kc6 61. Rh8 Rf4 62. Kb3 Re4 63. Rc8+ Kb6 64. Kc3 Re1 65. Rb8+ Kc6 66. Ra8 Kb5 67. Rb8+ Ka4 68. Ra8 (68. Rb2 {keeps more tension.} Re4 69. Rb8 Rg4 70. Ra8 Kb5 71. Rb8+) 68... Rc1+ 69. Kb2 Rc4 70. Ra7 Kb5 71. Ra8 Rg4 72. Rb8+ Kc4 73. Ra8 Rg2+ 74. Ka3 Kc3 {Strongly threatening ...Rg1.} 75. Rxa5 c4 {...Rg8 is the strong threat.} 76. Rh5 Rd2 {And now ...Kc2 would win.} 77. Rh4 Rd4 78. Rh2 Rd8 {[%cal Rd8a8]} 79. Rh3+ Rd3 (79... Kc2 $5 80. Kb4 $8 Rd4 81. Rc3+ Kb2 $11) 80. Rh2 Re3 81. Rg2 Rd3 (81... Re1 $5 82. Rg3+ $8 Kd4 $11) 82. Rh2 Kd4+ 83. Kb2 Rb3+ 84. Kc2 Ra3 {( -> ...Ra2+)} 85. Rh4+ Kc5 86. Rh8 {Precision: White = 55%, Black = 79%.} 1/2-1/2